Normal view
MARC view
- Contar (enumerar)
Entry Materia
001 - NÚMERO DE CONTROL DEL REGISTRO
- campo de control: 51341
003 - IDENTIFICADOR DE NUMERO DE CONTROL
- campo de control: UPN
005 - FECHA Y HORA DE LA ÚLTIMA TRANSACCIÓN
- campo de control: 20240312143330.0
008 - DATOS DE LONGITUD FIJA
- campo de control de longitud fija: 240312|| acn||babn | aaa d
040 ## - FUENTE DE LA CATALOGACIÓN
- Centro catalogador de origen: MX-MxUPN
- Lengua de catalogación: spa
- Agencia de transcripción: MX-MxUPN
150 ## - ENCABEZAMIENTO - TEMÁTICO
- Término de materia o nombre geográfico como elemento inicial: Contar (enumerar)
- Subdivisión de forma: Literatura infantil
670 ## - FUENTE EN LA QUE SE LOCALIZARON DATOS
- Cita de la fuente: Autoridades LIBRUNAM, 12 marzo 2024:
- Información localizada: (Contar (Enumerar)
670 ## - FUENTE EN LA QUE SE LOCALIZARON DATOS
- Cita de la fuente: Autoridades BGTQ, 12 marzo 2024:
- Información localizada: (Literatura infantil)
902 ## - CATALOGADOR
- Catalogador: MaríaRobles/120324
